Impactful Communication: (Record no. 181605)

MARC details
000 -LEADER
fixed length control field 00553nam a22001937a 4500
005 - DATE AND TIME OF LATEST TRANSACTION
control field 20210927112550.0
010 ## - LCCN (DPL NO)
LC control number ENG-129972
020 ## - INTERNATIONAL STANDARD BOOK NUMBER
Terms of availability 450.00
International Standard Book Number 9789353886981
035 ## - SYSTEM CONTROL NUMBER
System control number EN-113504
037 ## - SOURCE OF ACQUISITION
Source of stock number/acquisition DBAD/PUB
082 ## - DEWEY DECIMAL CLASSIFICATION NUMBER
Classification number 658.45
100 ## - MAIN ENTRY--PERSONAL NAME
Personal name Sethi Deepa
245 ## - TITLE STATEMENT
Title Impactful Communication:
Remainder of title Communicate to Conquer/
Statement of responsibility, etc by Deepa Sethi
250 ## - EDITION STATEMENT
Edition statement 2021
260 ## - PUBLICATION, DISTRIBUTION, ETC. (IMPRINT)
Name of publisher, distributor, etc Sage
Date of publication, distribution, etc 2021
270 ## - ADDRESS
City New Delhi
Address BI/1-1 Mohan Cooperative Industrial Area
Postal code 110044
300 ## - PHYSICAL DESCRIPTION
Extent xv,203p
Dimensions 21cm (pbk)
942 ## - ADDED ENTRY ELEMENTS (KOHA)
Source of classification or shelving scheme Dewey Decimal Classification
Item type English Books
Call number suffix SET
Classification part 658.45
Holdings
Withdrawn status Lost status Not for loan Collection code Home library Current library Date acquired Source of acquisition Cost, normal purchase price Full call number Barcode Copy number Cost, replacement price Koha item type
      Non-fiction Shahdara Branch Shahdara Branch 27/09/2021 DBAD/PUB 450.00 658.45 SET EN-113504 1 450.00 English Books

© Delhi Public Library
Hit Counter
free hit counter